1881 1953 1793 1339 1300 1470 1688 1654 1594 1467 1134 1144 1077 1500 1775 1334 1687 1421 1033 1182 1537 1914 1542 1971 1757 1317 1606 1634 1111 1202 1112 1541 1823 1278 1722 1190 1112 1483 1672 1790 1892 1320 1570 1179 1088 1567 1918 2000 1068 1597 1739 1048 1892 1506 1986 1993 1403 1374 1267 1654 1936 1556 1328 1594 1834 1187 1979 1423 1767 1434 1224 1630 1740 1600 1558 1363 1475 1347 1475 1200 1132 1881 1623 1982 1231 1142 1843 1082 1776 1591 1937 1828 1874 1215 1116 1657 1803 1360 1841 BCNSPRNW ULIB Ver.6.0+V

เปลี่ยนเป็นภาษาไทย

Change to English
 แสดงรายละเอียดบรรณานุกรม
  กลับหน้าหลัก

Brief Record : Get Marc (ISO 2709) : E-mail record : QR code < ปิดหน้าต่าง
LEADER : 00000nam 2200000uu 4500
001    13399109255
003     ULIB
008    110325s2543||||th 000 0 tha d
020    9742990522
060 04 WA540JT3^bว549ภ 2543
100 0  จันทร์เพ็ญ ชูประภาวรรณ
245 10 สถานะสุขภาพคนไทย /^cจันทร์เพ็ญ ชูประภาวรรณ
250    พิมพ์ครั้งที่ 1
260    นนทบุรี :^bสถาบันวิจัยระบบสาธารณสุข,^c2543
300    336 หน้า ;^c26 ซม.
490 0  ชุดสุขภาพคนไทยปี พ.ศ. 2543
500     ใช้เป็นเอกสารประกอบการประชุมวิชาการสถาบันวิจัยระบบสาธารณสุข ครั้งที่ 3 ภูมิปัญญาประชาคมสู่สุขภาพประชาชาติไทย.ระหว่างวันที่ 15-17 สิงหาคม 2543 ณ ศูนย์นิทรรศการและการประชุมไบเทค กรุงเทพมหานคร
650  2 Health Behavior^zThailand
650  7 ไทย^xสุขภาพและอนามัย
650  7 อนามัย^zไทย
650  7 ภาวะสุขภาพ^zไทย
710 2  สถาบันวิจัยระบบสาธารณสุข
711 2  การประชุมวิชาการสถาบันวิจัยระบบสาธารณสุขเรื่องภูมิปัญญาประชาคมสู่สุขภาพประชาชาติไทย^n(ครั้งที่ 3 :^d2543:^cกรุงเทพมหานคร)
945    ^p0^l0^i013034
995    ทศพร
999 ^a ใช้งานได้ทุกระบบ
รายการนี้ยังไม่มีแท็ก
คุณยังไม่ได้ล็อกอิน คุณสามารถมีกิจกรรมร่วมกับเว็บไซต์ได้ แต่ต้องล็อกอินก่อน ::
  ล็อกอิน

รายการสื่อสารสนเทศ

ลำดับที่ ประเภท เลขเรียก/บาร์โค้ด สถานที่ สถานะ
- ไม่พบข้อมูล -

รายการใกล้เคียง
    ผู้แต่ง [จันทร์เพ็ญ ชูประภาวรรณ]

BibComment


ยังไม่เคยถูกคอมเมนท์

คอมเมนท์ทรัพยากรรายการนี้
  คอมเมนท์: สถานะสุขภาพคนไทย ..


 Copyright 2026. Bcnsprnw @Library